World History for Dummies #7 - Statistics

General Stats
  • This quiz has been taken 105 times
  • The average score is 12 of 15
Answer Stats
Hint Answer % Correct
Which country did North Korea invade in June 1950? South Korea
99%
The guillotine was introduced as a method of execution in which European country's revolution in 1789? France
94%
Which Civil Rights leader made the famous 'I have a dream' speech? Martin Luther King
94%
What shape was the Rubik toy which took the world by storm in the 80s? Cube
89%
Magic Johnson made his debut in which sport in 1979? Basketball
85%
What relation was George VI to Queen Elizabeth II? Father
84%
King Tut is the nickname of a ruler from which country? Egypt
83%
Which US President delivered the Gettysburg Address in 1863? Abraham Lincoln
80%
Which US President resigned in August 1974? Richard Nixon
79%
The government of which country imposed the Stamp Act on American colonists in 1765? United Kingdom
78%
What was the first name of President Eisenhower? Dwight
77%
The US Republican party adopted which animal as their symbol in the 1870s? Elephant
77%
Who shot President Kennedy in 1963? Lee Harvey Oswald
71%
Who was sworn in as US President in 1977? Jimmy Carter
66%
What was the name of the atomic bomb that the U.S. dropped on Hiroshima? Little Boy
62%
No matching quizzes found
Score Distribution
Percent of People with Each Score
Percentile by Number Answered
Your Score History
You have not taken this quiz